00608nam a2200169Ia 450000500170000000800410001702000150005808200130007310000130008624500220009926000320012130000130015350001520016694200060031895200990032499900150042320241128052052.0240331s9999 xx 000 0 und d a0140620125 bBROa894 aBronte,E 0aWuthering heights aLondonbPenguin Booksc1994 a279 p ., aWuthering Heights, and a collection of surviving poems, she remains one of the most intensely original and passionate voices in English Literature. cL 001040708LaWERCLbWERCLcSSCd2024-03-31l0o 894.811 BROp1743r2024-03-31w2024-03-31yL c5057d5057